Detalles MARC
| 000 -CABECERA |
| campo de control de longitud fija |
01881nam a2200265 i 4500 |
| 003 - IDENTIFICADOR DEL NÚMERO DE CONTROL |
| campo de control |
DO-SdBNP |
| 005 - FECHA Y HORA DE LA ÚLTIMA TRANSACCIÓN |
| campo de control |
20250527145528.0 |
| 007 - CAMPO FIJO DE DESCRIPCIÓN FÍSICA--INFORMACIÓN GENERAL |
| campo de control de longitud fija |
ta |
| 008 - DATOS DE LONGITUD FIJA--INFORMACIÓN GENERAL |
| campo de control de longitud fija |
250527b2024 dr ||||| |||| 00| 0 spa d |
| 020 ## - NÚMERO INTERNACIONAL ESTÁNDAR DEL LIBRO |
| Número Internacional Estándar del Libro |
9789945637526 |
| 040 ## - FUENTE DE LA CATALOGACIÓN |
| Centro catalogador/agencia de origen |
DO-SdBNP |
| Lengua de catalogación |
spa |
| Centro/agencia transcriptor |
BNPHU |
| Normas de descripción |
rda |
| 082 ## - NÚMERO DE LA CLASIFICACIÓN DECIMAL DEWEY |
| Número de clasificación |
xxxx |
| Número de documento/Ítem |
Z26 |
| Número de edición |
22 |
| 100 1# - ENTRADA PRINCIPAL--NOMBRE DE PERSONA |
| Nombre de persona |
Zamparelli, María |
| Término indicativo de función/relación |
autora |
| Código de función/relación |
aut. |
| 9 (RLIN) |
87323 |
| 245 10 - MENCIÓN DE TÍTULO |
| Título |
Unjú : |
| Resto del título |
[novela de crónicas sub urbanas en el Caribe] |
| Mención de responsabilidad, etc. |
María Zamparelli |
| 264 ## - PRODUCCIÓN, PUBLICACIÓN, DISTRIBUCIÓN, FABRICACIÓN Y COPYRIGHT |
| Producción, publicación, distribución, fabricación y copyright |
San Juan, Puerto Rico : |
| Nombre del de productor, editor, distribuidor, fabricante |
Editorial Isla Negra, |
| -- |
Lectura editorial, |
| Fecha de producción, publicación, distribución, fabricación o copyright |
2024. |
| 300 ## - DESCRIPCIÓN FÍSICA |
| Extensión |
102 páginas ; |
| Dimensiones |
22 cm. |
| 336 ## - TIPO DE CONTENIDO |
| Término de tipo de contenido |
texto |
| Código de tipo de contenido |
txt |
| Fuente |
rdacontent |
| 337 ## - TIPO DE MEDIO |
| Nombre/término del tipo de medio |
sin mediación |
| Código del tipo de medio |
n |
| Fuente |
rdamedia |
| 338 ## - TIPO DE SOPORTE |
| Nombre/término del tipo de soporte |
volumen |
| Código del tipo de soporte |
nc |
| Fuente |
rdacarrier |
| 500 ## - NOTA GENERAL |
| Nota general |
Incluye datos biografícos de la autora en la solapa de la portada. |
| 520 ## - SUMARIO, ETC. |
| Sumario, etc. |
Si bien es cierto que María Zamparelli tiene acostumbrados a sus lectores a las novelas situadas en el siglo XV, lo que pudiéramos llamar el primer imperio en el Caribe, en esta nueva entrega nos ofrece la historia de una dinastía de estadounidenses, cazadores de influencias y negocios, quienes llegaron a la isla a partir de la invasión de 1898. La saga comienza con Henry T. Johnston en la primera década del siglo XX, quien aprovechará la fluidez del gobierno provisional para agenciarse influencias y negocios. A él lo seguirán Tony, Axel, Gaby culminando en el 2023 con Dom Venturi. Cada uno de esos entrepreneurs ofrecerá un negocio redondo, una propuesta económica, como una panacea venida de un olimpo, que solucionará las carencias e injusticias que se sucederán, una tras otra, en la Isla. La autora narra en lenguaje coloquial, salpicado de humor, y en algunos casos, de cinismo e ironía, la incidencia de la casta de hombres a quienes Manuel Zeno Gandía sagazmente denominó redentores. |
| 590 ## - NOTA LOCAL (RLIN) |
| Nota local |
Inventariado, 2025/ YL |
| 910 ## - DATOS DE OPCIÓN DEL USUARIO (OCLC) |
| Datos de opción del usuario |
YLockward |
| 942 ## - ELEMENTOS DE PUNTO DE ACCESO ADICIONAL (KOHA) |
| Fuente del sistema de clasificación o colocación |
Dewey Decimal Classification |
| Tipo de ítem Koha |
Libro |